00600nmm a2200169Ia 4500008004100000020001800041041000800059100002400067245012700091264006900218300001800287490002200305650002900327856005000356942000700406999001700413251105s9999||||xx |||||||||||||||||und|| a9788477330110 aspa aHocquellet, Richard 0aResistencia y revolución durante la Guerra de la Independencia. Del levantamiento patriótico a la soberanía nacional a[Madrid, España] :bPrensas Universitarias de Zaragoza, c2008 a419 páginas aCiencias sociales aHistory of Europe: Spain uhttps://public.digitaliapublishing.com/a/2156 cCF c85300d85300